000
00286nam a22001217a 4500
008
160510b xxu||||| |||| 00| 0 eng d
020
_a
9780805349924
020
_a
0805349898
041
_a
eng
080
_a
611
245
_a
Human anatomy phyiology:
_c
Elaine M.Marieb;
942
_2
udc
_c
BK
999
_c
1946
_d
1946